000 00435nam a22001697a 4500
003 NUST
020 _a9789382563341
038 _akhadija
082 _a626.5
_bADV
100 _aRajendran, V.
_982924
245 _aAdvanced nano Materials for Industrial Applications /
_cV. Rajendran
260 _aNew York :
_bBloomsbury,
_c2013.
300 _a359 p. ;
_b25 cm.
500 _aHardcover.
563 _aHardcover
942 _cBK
_2ddc
999 _c33661
_d33661